[Event "CZE-ch U12 Girls"]
[Site "Kouty nad Desnou"]
[Date "2017.03.17"]
[Round "8"]
[White "Zemanova, Nikola"]
[Black "Klausova, Katerina"]
[Result "1-0"]
[WhiteElo "1211"]
[BlackElo "1000"]
[PlyCount "21"]
[EventDate "2017.03.11"]
[EventType "swiss"]
[EventRounds "9"]
[EventCountry "CZE"]
[SourceTitle "CBM 177 Extra"]
[Source "ChessBase"]
[SourceDate "2017.04.27"]
[SourceVersion "1"]
[SourceVersionDate "2017.04.27"]
[SourceQuality "1"]

1. e4 e5 2. Nf3 Nc6 3. Bc4 Nh6 4. d3 Bc5 5. Nc3 Ng4 6. 0-0 Na5 7. Bxf7+ Kxf7 8. Ng5+ Kf8 9. Qxg4 d6 10. Qf3+ Ke7 11. Qf7# 1-0

[Event "CZE-ch U12 Girls"]
[Site "Kouty nad Desnou"]
[Date "2017.03.11"]
[Round "1"]
[White "Pejrimovska, Viola Ruby"]
[Black "Klausova, Katerina"]
[Result "1-0"]
[WhiteElo "1295"]
[BlackElo "1000"]
[PlyCount "47"]
[EventDate "2017.03.11"]
[EventType "swiss"]
[EventRounds "9"]
[EventCountry "CZE"]
[SourceTitle "CBM 177 Extra"]
[Source "ChessBase"]
[SourceDate "2017.04.27"]
[SourceVersion "1"]
[SourceVersionDate "2017.04.27"]
[SourceQuality "1"]

1. e4 e5 2. Nf3 Nc6 3. Nc3 Bc5 4. Bb5 d6 5. Bxc6+ bxc6 6. 0-0 Nf6 7. d3 Bg4 8. Bg5 Qd7 9. Bxf6 gxf6 10. Kh1 Bxf3 11. Qxf3 d5 12. Qxf6 Rg8 13. Qxe5+ Kd8 14. exd5 cxd5 15. Qxd5 Qd6 16. Qxa8+ Ke7 17. Qxg8 Bd4 18. Qg5+ f6 19. Qg7+ Ke6 20. Rfe1+ Kf5 21. Qxh7+ Kg4 22. Qg6+ Kh4 23. Re4+ Qf4 24. Rxf4# 1-0